000 005100000a22001690004500
003 MACL
005 20160505122308.0
008 160505b xxu||||| |||| 00| 0 eng d
040 _aMACL
_cMACL
041 _aHindi
082 _a294
100 _aभटनागर, क्षमा
_955269
245 _aश्रीराम कथा
_cक्षमा भटनागर
260 _aनई दिल्‍ली
_c2011
_bनेशनल काउंसिल
350 _a350
942 _cHIN
_k294
_2ddc
999 _c46227
_d46227